Walter Gropius : Work and Teamwork /
Guardado en:
| Autor principal: | |
|---|---|
| Otros autores: | |
| Formato: | Libro |
| Idioma: | Inglés |
| Publicado: |
Nueva York, EUA :
Reinhold,
1954, c1954
|
| Temas: | |
| Etiquetas: |
Sin etiquetas, Sé el primero en etiquetar este registro!
|
MARC
| LEADER | 00000nam^a2200000^a^4500 | ||
|---|---|---|---|
| 001 | 000184740 | ||
| 005 | 20250521000000.0 | ||
| 009 | 20260310102126.779 | ||
| 037 | |a Acervo ITESO - Biblioteca | ||
| 041 | |a ING | ||
| 082 | |a 720. 943 |b GRO GIE | ||
| 100 | |a Gropius, Walter |e (autor) | ||
| 245 | 1 | 0 | |a Walter Gropius : |b Work and Teamwork / |c W. Gropius, S. Giedion. |
| 264 | 4 | |a Nueva York, EUA : |b Reinhold, |c 1954, c1954 | |
| 300 | |a 248 p. | ||
| 336 | |a texto |b txt |2 rdacontenido | ||
| 337 | |a sin mediación |b n |2 rdamedio | ||
| 338 | |a volumen |b nc |2 rdasoporte | ||
| 545 | 0 | |a Walter Gropius (Berlín, 1883-1969), arquitecto y profesor fundador de la Bauhaus (1919), escuela de arte que profundizó la investigación sobre arquitectura y artes aplicadas durante la primera mitad del siglo XX. Sus principales hipótesis fueron la economía expresiva y la adecuación a los medios productivos para todas las formas de diseño, una especie de simbiosis entre el arte y la ingeniería. Estos conceptos también se plasmaron en sus edificios, que ejercieron una enorme influencia en la arquitectura moderna. Gropius estudió arquitectura en las universidades de Munich y Berlín-Carlottenburg; trabajó en el estudio del arquitecto Peter Behrens, uno de los pioneros del diseño moderno. Proyectó la fábrica Fagus en Alfeld (1910-1911) y el edificio de oficinas de la exposición del Werkbund en Colonia (1914), obras que le dieron fama en Europa. Gropius emigró a Gran Bretaña y después a Estados Unidos para dar clases en la Universidad de Harvard. Allí creó un grupo llamado Architects Collaborative (1946), que se hizo cargo de muchos proyectos arquitectónicos, como el Harvard Graduate Center (1949), la embajada de Estados Unidos en Atenas (1960) y la Universidad de Bagdad (1961). También construyó el edificio de la Panam (1963) en Nueva York, en colaboración con el arquitecto italoestadounidense Pietro Beluschi. El libro es una obra monográfica del autor. | |
| 649 | |a XX | ||
| 650 | |a Arquitectos Alemanes | ||
| 650 | |a Artistas Alemanes | ||
| 650 | |a Bauhaus | ||
| 650 | |a Arquitectura Moderna - |x Historia y Crítica | ||
| 650 | |a Arquitectura Alemana - |x Historia y Crítica | ||
| 650 | |a Arquitectura Norteamericana - |x Historia y Crítica | ||
| 650 | |a Arte Moderno - |x Historia y Crítica | ||
| 650 | |a Arte Alemán - |x Historia y Crítica | ||
| 650 | |a Arte Norteamericano - |x Historia y Crítica | ||
| 650 | |a Gropius, Walter - |x Tema Principal | ||
| 700 | |a Giedion, Sigfried |e (autor) | ||
| 910 | |a Fondo Julio de la Peña Lomelín | ||
| 920 | |a Impresos - Libros | ||
| 930 | |a Arquitectos Jaliscienses | ||
| 905 | |a 115 | ||
| 901 | |a 0500125791 |b IT1 |c JAL |u 20250521 | ||
| 902 | |a https://opac.biblio.iteso.mx/vufind/Record/000184740 | ||